00404nam a2200181Ia 4500008004100000020001400041050001400055100001800069245001700087245002100104260001500125260001600140260000900156300001400165300002500179300001000204500000800214170918s9999 xx 000 0 und d a590474863 bG441 1992 aGibbons, Gail aStargazers / cby Gail Gibbons. aNew York : bScholastic, c1992 aunpaged : bcolor illustration ; c20cm. a640